000 00296nam a22001337a 4500
005 20260413121536.0
008 160622b xxu||||| |||| 00| 0 eng d
041 _aeng
082 _a346.066
245 _aCompany's Act-1997
260 _bWadhwa and Company
_c1997
300 _a1.548
942 _cBK
999 _c3561
_d3560